01349nam a2200337 a 4500001001200000003000800012006001900020007001500039008004100054010001700095020003600112020003300148020002700181040002100208035002100229050002400250082001400274100001700288245006100305250001300366260005800379300002400437500002000461505016900481533015200650650002000802655002900822710001700851856012600868999001700994ebr10653879CaPaEBRm u cr cn|||||||||121227s2013 inua s 001 0 eng d z 2012956406 z9781118197349 (pbk. alk. paper) z1118197348 (pbk. alk. paper) z9781118228036 (e-book) aCaPaEBRcCaPaEBR a(OCoLC)82873520914aQA76.5b.G66 2013eb04a4.1652231 aGookin, Dan.10aPCs for dummiesh[electronic resource] /cby Dan Gookin. a12th ed. aIndianapolis, Ind. :bJohn Wiley & Sons, Inc.,c2013. axiv, 346 p. :bill. aIncludes index.0 apt. I. Hello, PC! -- pt. II. The nerd's-eye view -- pt. III. Basic computing -- pt. IV. Networking nonsense -- pt. V. Your digital life -- pt. VI. The part of tens. aElectronic reproduction.bPalo Alto, Calif. :cebrary,d2013.nAvailable via World Wide Web.nAccess may be limited to ebrary affiliated libraries. 0aMicrocomputers. 7aElectronic books.2local2 aebrary, Inc.40uhttp://site.ebrary.com/lib/rucke/Doc?id=10653879zAn electronic book accessible through the World Wide Web; click to view c76712d76712